书目信息 |
| 题名: |
白俄罗斯铁路
|
|
| 作者: | 杨健 , 梁中奇 编著 | |
| 分册: | ||
| 出版信息: | 北京 中国铁道出版社 2018.06 |
|
| 页数: | 190页 | |
| 开本: | 26cm | |
| 丛书名: | 国外铁路概览 | |
| 单 册: | ||
| 中图分类: | F535.114 | |
| 科图分类: | ||
| 主题词: | 铁路线路--tie lu xian lu--概况--白俄罗斯 | |
| 电子资源: | ||
| ISBN: | 978-7-113-24468-2 | |
| 000 | 01219nam 2200313 450 | |
| 001 | 0100010028 | |
| 005 | 20190905093950.0 | |
| 010 | @a978-7-113-24468-2@dCNY75.00 | |
| 100 | @a20190831d2018 em y0chiy50 ea | |
| 101 | 0 | @achi |
| 102 | @aCN@b110000 | |
| 105 | @aabk a 000yy | |
| 106 | @ar | |
| 200 | 1 | @a白俄罗斯铁路@Abai e luo si tie lu@f杨健, 梁中奇等编著 |
| 210 | @a北京@c中国铁道出版社@d2018.06 | |
| 215 | @a190页@c彩图, 地图@d26cm | |
| 225 | 2 | @a国外铁路概览@Aguo wai tie lu gai lan |
| 300 | @a中国铁路总公司科研课题 —— 国外铁路历史、现状及发展概况分析研究 (独联体和波罗的海国家) | |
| 312 | @a英文题名取自封面 | |
| 320 | @a有书目 (第190页) | |
| 330 | @a本书为丛书中的一种, 全面介绍了白俄罗斯铁路历史、现状和发展规划, 分析了白俄罗斯铁路管理体系以及近年来铁路运输行业情况, 对我国推进“一带一路”建设和开好中欧班列, 研究我国铁路改革发展和推动中国铁路“走出去”有一定的借鉴意义和参考价值。 | |
| 410 | 0 | @12001 @a国外铁路概览 |
| 510 | 1 | @aBelarus railway@zeng |
| 606 | 0 | @a铁路线路@Atie lu xian lu@x概况@y白俄罗斯 |
| 690 | @aF535.114@v5 | |
| 701 | 0 | @a杨健@Ayang jian@4编著 |
| 701 | 0 | @a梁中奇@Aliang zhong qi@4编著 |
| 801 | 0 | @aCN@c20190905 |
| 905 | @a河南城建学院图书馆@dF535.114@eY205 | |
| 白俄罗斯铁路/杨健, 梁中奇等编著.-北京:中国铁道出版社,2018.06 |
| 190页:彩图, 地图;26cm.-(国外铁路概览) |
| 中国铁路总公司科研课题 —— 国外铁路历史、现状及发展概况分析研究 (独联体和波罗的海国家) |
| ISBN 978-7-113-24468-2:CNY75.00 |
| 本书为丛书中的一种, 全面介绍了白俄罗斯铁路历史、现状和发展规划, 分析了白俄罗斯铁路管理体系以及近年来铁路运输行业情况, 对我国推进“一带一路”建设和开好中欧班列, 研究我国铁路改革发展和推动中国铁路“走出去”有一定的借鉴意义和参考价值。 |
| ● |
| 相关链接 |
|
|
|
正题名:白俄罗斯铁路
索取号:F535.114/Y205
 
预约/预借
| 序号 | 登录号 | 条形码 | 馆藏地/架位号 | 状态 | 备注 |
| 1 | 1437424 | 214374247 | 社科库409/409社科库 38排1列3层/ [索取号:F535.114/Y205] | 在馆 | |
| 2 | 1437425 | 214374256 | 社科库409/409社科库 38排1列3层/ [索取号:F535.114/Y205] | 在馆 |